[Event "Mexico City Independence Cup 11th"]
[Site "Mexico City"]
[Date "2022.09.14"]
[Round "1"]
[White "Fernandez Reyes, Lisandro"]
[Black "Salazar Moreno, Rafael"]
[Result "1-0"]
[WhiteElo "2357"]
[BlackElo "1822"]
[PlyCount "79"]
[EventDate "2022.09.14"]
[EventType "tourn"]
[EventRounds "7"]
[EventCountry "MEX"]
[SourceTitle "CBM 210 Extra"]
[Source "ChessBase"]
[SourceDate "2022.11.30"]
[SourceVersion "1"]
[SourceVersionDate "2022.11.30"]
[SourceQuality "1"]

1. d4 d5 2. Nc3 Nf6 3. Bf4 c6 4. e3 Bf5 5. Be2 e6 6. g4 Bg6 7. h4 h6 8. a3 Bd6 9. Nh3 Qe7 10. Bxd6 Qxd6 11. Nf4 Bh7 12. g5 Ne4 13. Bd3 Nxc3 14. bxc3 Bxd3 15. Nxd3 hxg5 16. Qg4 Qe7 17. h5 f5 18. Qg3 Nd7 19. a4 g4 20. a5 Nf6 21. a6 bxa6 22. Rxa6 Qb7 23. Ra1 Rxh5 24. Rxh5 Nxh5 25. Qd6 Qd7 26. Qh2 g6 27. Qe5 Kf7 28. Nc5 Qe7 29. Rb1 Kg8 30. Rb7 Qf6 31. Qc7 Ng7 32. Qxc6 Rd8 33. Qc7 Ra8 34. Nd7 Qh4 35. Qe5 Qh1+ 36. Kd2 Qf3 37. Nf6+ Kh8 38. Nxg4 Rg8 39. Qh2+ Nh5 40. Nf6 1-0

[Event "Iberoamerican-ch 8th"]
[Site "Mexico City"]
[Date "2022.02.12"]
[Round "1"]
[White "Perez Garcia, Rodney Oscar"]
[Black "Salazar Moreno, Rafael"]
[Result "1-0"]
[WhiteElo "2331"]
[BlackElo "1778"]
[PlyCount "49"]
[EventDate "2022.02.12"]
[EventType "swiss"]
[EventRounds "9"]
[EventCountry "MEX"]
[SourceTitle "CBM 206 Extra"]
[Source "ChessBase"]
[SourceDate "2022.03.31"]
[SourceVersion "1"]
[SourceVersionDate "2022.03.31"]
[SourceQuality "1"]

1. e4 e6 2. d4 d5 3. Nc3 dxe4 4. Nxe4 Be7 5. Nf3 Nd7 6. Bd3 Ngf6 7. Qe2 Nxe4 8. Qxe4 Nf6 9. Qe2 0-0 10. 0-0 b6 11. Bg5 Bb7 12. Rad1 Bxf3 13. Qxf3 Qd5 14. Qe3 Qd8 15. Rfe1 Nd5 16. Qh3 g6 17. Bh6 Re8 18. Bb5 Nb4 19. Bxe8 Qxe8 20. d5 Nxd5 21. Rxd5 exd5 22. Qe3 Qa4 23. Qxe7 Qc6 24. Qe5 f6 25. Qe7 1-0

[Event "Mexico City Garritas 12th"]
[Site "Mexico City"]
[Date "2014.12.07"]
[Round "5"]
[White "Salazar Moreno, Rafael"]
[Black "Martinez Perez, Juan Carlos"]
[Result "1-0"]
[WhiteElo "1778"]
[BlackElo "1488"]
[PlyCount "55"]
[EventDate "2014.12.05"]
[EventType "tourn"]
[EventRounds "5"]
[EventCountry "MEX"]
[SourceTitle "EXT 2018"]
[Source "ChessBase"]
[SourceDate "2017.10.13"]
[SourceVersion "1"]
[SourceVersionDate "2017.10.13"]
[SourceQuality "1"]

1. d4 d5 2. Nf3 Nf6 3. Bf4 e6 4. e3 c6 5. c3 Nbd7 6. Nbd2 a6 7. a4 b6 8. Bd3 Bb7 9. h3 h6 10. 0-0 Be7 11. Ne5 c5 12. Qf3 Nxe5 13. Bxe5 Bd6 14. Bxd6 Qxd6 15. Rfe1 0-0 16. Rad1 c4 17. Bxc4 dxc4 18. Qxb7 Rfb8 19. Nxc4 Qf8 20. Qf3 b5 21. axb5 axb5 22. Ne5 Ra2 23. Re2 Rba8 24. e4 Ne8 25. Qd3 Nd6 26. f3 Qe8 27. d5 f6 28. dxe6 1-0

[Event "Mexico City Garritas 12th"]
[Site "Mexico City"]
[Date "2014.12.05"]
[Round "1"]
[White "Salazar Moreno, Rafael"]
[Black "Gongora Montes, Benjamin"]
[Result "0-1"]
[WhiteElo "1778"]
[BlackElo "2110"]
[PlyCount "78"]
[EventDate "2014.12.05"]
[EventType "tourn"]
[EventRounds "5"]
[EventCountry "MEX"]
[SourceTitle "EXT 2018"]
[Source "ChessBase"]
[SourceDate "2017.10.13"]
[SourceVersion "1"]
[SourceVersionDate "2017.10.13"]
[SourceQuality "1"]

1. d4 d5 2. Nf3 Nc6 3. Bf4 Bg4 4. e3 e6 5. c3 Bd6 6. Bxd6 Qxd6 7. Be2 Nf6 8. Nbd2 0-0 9. 0-0 a6 10. a4 Rad8 11. h3 Bxf3 12. Bxf3 e5 13. dxe5 Nxe5 14. Be2 Ne4 15. Nxe4 dxe4 16. Qxd6 Rxd6 17. Rfd1 Rfd8 18. Rxd6 Rxd6 19. Rd1 Rxd1+ 20. Bxd1 c5 21. b3 f5 22. f3 exf3 23. Bxf3 b6 24. Bd5+ Kf8 25. g3 Ke7 26. Kf2 g5 27. e4 f4 28. gxf4 gxf4 29. b4 a5 30. bxc5 bxc5 31. c4 Kf6 32. h4 Ng6 33. Kf3 Nxh4+ 34. Kxf4 Ng6+ 35. Kg4 Ne5+ 36. Kh5 Nd3 37. Bg8 h6 38. Kxh6 Nb2 39. Bd5 Nxa4 0-1